| Поле | Инд. | ПП | Название | Значение |
|---|---|---|---|---|
| Тип записи | a | |||
| Библиографический уровень | m | |||
| 001 | Контрольный номер | 33f9345c-56ed-4647-90a9-74fee5e15bf4 | ||
| 005 | Дата корректировки | 20140226212956.3 | ||
| 008 | Кодируемые данные | 000223 d | ||
| 020 | a | ISBN | 5-93379-002-8 | |
| c | Цена, тираж | 16.87 | ||
| 040 | a | Служба первич. каталог. | НБ ТвГУ | |
| 041 | a | Код языка текста | rus | |
| 080 | a | Индекс УДК | 517.518 | |
| 084 | a | Индекс другой классификации/Индекс ББК | В161.542 | |
| 090 | x | Авторский знак | М54 | |
| a | Полочн. индекс | В161.5 | ||
| 245 | 0_ | a | Заглавие | Метрическая теория функций и смежные вопросы анализа |
| b | Продолж. заглавия | Сб. ст. : Посвящ. П.Л. Ульянову к его семидесятилетию | ||
| c | Ответственность | [Редкол.: С.М. Никольский (гл. ред.) и др.] | ||
| 260 | 0_ | a | Место издания | Москва |
| b | Издательство | АФЦ | ||
| c | Дата издания | 1999 | ||
| 300 | a | Объем | 266 с. | |
| b | Иллюстрации/ тип воспроизводства | 1 л. портр. | ||
| 504 | a | Библиография | Библиогр. в конце ст. | |
| 583 | a | Действие | Получение впервые 22 01.02.2000 | |
| k | Исполнитель действия | Дар РГГУ | ||
| 650 | a | Основная рубрика | Функции | |
| x | Основная подрубрика | Метрическая теория | ||
| 650 | a | Основная рубрика | Математический анализ | |
| 653 | a | Ключевые слова | Функции | |
| a | Ключевые слова | Теория функций | ||
| a | Ключевые слова | Метрическая теория функций | ||
| a | Ключевые слова | Математический анализ | ||
| a | Ключевые слова | Ряды | ||
| a | Ключевые слова | Ортогональные ряды | ||
| a | Ключевые слова | Аппроксимация | ||
| a | Ключевые слова | Теория аппроксимации | ||
| a | Ключевые слова | Теоремы вложения | ||
| a | Ключевые слова | Аналитические функции | ||
| 700 | 1_ | a | Другие авторы | Никольский С.М. |
| e | Роль лиц | гл. ред. | ||
| 852 | t | Порядковый номер экземпляра | 1 | |
| p | Инвентарный номер | 719314 | ||
| 888 | a | Бесплатные | ||
| 952 | p | 22.2000 16.87 1 719314 | ||
| c | Вид литературы | К рн | ||
| 954 | a | Дата поступления на обработку | 20000223 | |
| 999 | a | Подразделение 2 | Фил3 |